स्वास्थ्य विज्ञान दर्पण / (Record no. 12235)

MARC details
000 -LEADER
fixed length control field 02679 a2200301 4500
005 - DATE AND TIME OF LATEST TRANSACTION
control field 2009032601531.0
008 - FIXED-LENGTH DATA ELEMENTS--GENERAL INFORMATION
fixed length control field 090326t xxu||||| |||| 00| 0 hin d
010 ## - LCCN (DPL NO)
LC control number B-299930-936
020 ## - INTERNATIONAL STANDARD BOOK NUMBER
Terms of availability 450.00
International Standard Book Number 8175244658
035 ## - SYSTEM CONTROL NUMBER
System control number B-299930-936
037 ## - SOURCE OF ACQUISITION
Source of stock number/acquisition खेल साहित्य केन्द्र
040 ## - CATALOGING SOURCE
Original cataloging agency dpl
Language of cataloging hn
082 ## - DEWEY DECIMAL CLASSIFICATION NUMBER
Classification number 613
100 ## - MAIN ENTRY--PERSONAL NAME
Personal name अमरेश कुमार
245 ## - TITLE STATEMENT
Title स्वास्थ्य विज्ञान दर्पण /
Remainder of title अमरेश कुमार
260 ## - PUBLICATION, DISTRIBUTION, ETC. (IMPRINT)
Place of publication, distribution, etc नई दिल्ली
Name of publisher, distributor, etc खेल साहित्य केन्द्र
Date of publication, distribution, etc 2007
270 ## - ADDRESS
Address म.न.7/26,बैसमेंट, अंसारी रोड, दरियागंज
City नई दिल्ली
State or province दिल्ली
Postal code 110002
300 ## - PHYSICAL DESCRIPTION
Extent 234पृ
Dimensions 22 सेमी (सजिल्द)
Other physical details सचित्र
942 ## - ADDED ENTRY ELEMENTS (KOHA)
Institution code [OBSOLETE] dpl
Item type Hindi Books
Source of classification or shelving scheme Dewey Decimal Classification
Classification part 613
Call number suffix अमरे
Holdings
Withdrawn status Lost status Source of classification or shelving scheme Damaged status Not for loan Collection code Home library Current library Date acquired Source of acquisition Cost, normal purchase price Total Checkouts Full call number Barcode Date last seen Copy number Cost, replacement price Koha item type
    Dewey Decimal Classification     Non-fiction Central Library Central Library 26/03/2009 खेल सा.केन्द्र/10105/24.9.08/256/4.9.08/3.10.08 450.00 2 613 अमरे B-299930 24/12/2021 1 450.00 Hindi Books
    Dewey Decimal Classification     Non-fiction Karol Bagh Karol Bagh 26/03/2009 खेल सा.केन्द्र/10105/24.9.08/256/4.9.08/3.10.08 450.00   613 अमरे B-299935 26/03/2009 1 450.00 Hindi Books
    Dewey Decimal Classification     Non-fiction Mobile Library Mobile Library 26/03/2009 खेल सा.केन्द्र/10105/24.9.08/256/4.9.08/3.10.08 450.00   613 अमरे B-299931 26/03/2009 2 450.00 Hindi Books
    Dewey Decimal Classification     Non-fiction Mobile Library Mobile Library 26/03/2009 खेल सा.केन्द्र/10105/24.9.08/256/4.9.08/3.10.08 450.00   613 अमरे B-299932 26/03/2009 2 450.00 Hindi Books
    Dewey Decimal Classification     Non-fiction New Police Line New Police Line 26/03/2009 खेल सा.केन्द्र/10105/24.9.08/256/4.9.08/3.10.08 450.00   613 अमरे B-299933 26/03/2009 1 450.00 Hindi Books
    Dewey Decimal Classification     Non-fiction Patel Nagar Patel Nagar 26/03/2009 खेल सा.केन्द्र/10105/24.9.08/256/4.9.08/3.10.08 450.00   613 अमरे B-299934 26/03/2009 1 450.00 Hindi Books
    Dewey Decimal Classification     Non-fiction Shahdara Branch Shahdara Branch 26/03/2009 खेल सा.केन्द्र/10105/24.9.08/256/4.9.08/3.10.08 450.00   613 अमरे B-299936 06/04/2026 1 450.00 Hindi Books

© Delhi Public Library
Hit Counter
free hit counter